000
00296nam a2200133Ia 4500
008
231129s1968||||xx |||||||||||||| ||spa||
040
_b
spa
082
_a
M863 P584m
100
_a
Piazza Luis Guillermo
245
0
_a
La mafia
260
_c
1968
264
_a
Joaquin Mortiz
942
_2
ddc
_c
BKS
999
_c
17535
_d
17535